|
|
|
|
| LEADER |
00000nam0a2200000 4500 |
| 001 |
345044 |
| 005 |
20231102005728.0 |
| 010 |
|
|
|a 9785896973270
|
| 035 |
|
|
|a (RuTPU)RU\TPU\book\376843
|
| 090 |
|
|
|a 345044
|
| 100 |
|
|
|a 20200708d2020 k y0rusy50 ca
|
| 101 |
0 |
|
|a rus
|
| 102 |
|
|
|a RU
|
| 105 |
|
|
|a a z 001zy
|
| 200 |
1 |
|
|a Молодежь России в зеркале социологии. К итогам многолетних исследований
|e монография
|f М. К. Горшков, Ф. Э. Шереги
|g Российская академия наук, Федеральный научно-исследовательский социологический центр
|
| 210 |
|
|
|a Москва
|c ФНИСЦ РАН
|d 2020
|
| 215 |
|
|
|a 687 с.
|c ил.
|
| 320 |
|
|
|a Библиогр.: с. 666-676
|
| 330 |
|
|
|a В книге дается многоаспектный анализ молодежного социума в условиях трансформации российского общества. При этом теоретико-методологические подходы изучения молодежи дополняются представлением широкой базы многолетних социологических исследований, позволяющих охарактеризовать состояние и динамику массового сознания и поведения постсоветского молодого поколения в основных сферах жизнедеятельности. Особое внимание уделяется историческому, правовому, ценностно-нравственному сознанию молодежи, формированию ее государственно-гражданской идентичности, этнорелигиозных установок и досуговых практик. Рассматриваются ключевые проблемы профессионального образования и самоопределения молодых людей, их трудовой занятости. Монография адресована социологам, политологам, экономистам, представителям других общественных дисциплин и всем интересующимся проблемами современной молодежи.
|
| 606 |
1 |
|
|a Молодежь
|x Социальные проблемы
|x Социология
|2 stltpush
|3 (RuTPU)RU\TPU\subj\37658
|9 58526
|
| 610 |
1 |
|
|a социология
|
| 610 |
1 |
|
|a молодежные субкультуры
|
| 610 |
1 |
|
|a молодежная среда
|
| 610 |
1 |
|
|a массовое сознание
|
| 610 |
1 |
|
|a коммуникации
|
| 610 |
1 |
|
|a правовое сознание
|
| 610 |
1 |
|
|a социологизация
|
| 610 |
1 |
|
|a социологические исследования
|
| 610 |
1 |
|
|a поведенческие исследования
|
| 610 |
1 |
|
|a политическая активность
|
| 610 |
1 |
|
|a молодежная политика
|
| 610 |
1 |
|
|a культура
|
| 610 |
1 |
|
|a профессиональное образование
|
| 610 |
1 |
|
|a профессиональное самоопределение
|
| 610 |
1 |
|
|a выпускники
|
| 610 |
1 |
|
|a трудоустройство
|
| 610 |
1 |
|
|a девиантные субкультуры
|
| 610 |
1 |
|
|a молодые специалисты
|
| 610 |
1 |
|
|a беспризорные дети
|
| 610 |
1 |
|
|a суицид
|
| 610 |
1 |
|
|a проституция
|
| 610 |
1 |
|
|a вредные привычки
|
| 610 |
1 |
|
|a монографии
|
| 686 |
|
|
|a С55.325.1
|v LBC/SL-A
|2 rubbk
|
| 700 |
|
1 |
|a Горшков
|b М. К.
|g Михаил Константинович
|
| 701 |
|
1 |
|a Шереги
|b Ф. Э.
|g Франц Эдмундович
|
| 712 |
0 |
2 |
|a Российская академия наук
|b Федеральный научно-исследовательский социологический центр
|c (Москва)
|2 stltpush
|3 (RuTPU)RU\TPU\col\27559
|
| 801 |
|
1 |
|a RU
|b 63413507
|c 20200708
|
| 801 |
|
2 |
|a RU
|b 63413507
|c 20200910
|g RCR
|
| 942 |
|
|
|c BK
|